[Event "5. Vidmar mem"]
[Site "?"]
[Date "1979.06.??"]
[Round "6"]
[White "Timman Jan Hein"]
[Black "Barle Janez"]
[Result "1-0"]
[WhiteElo "2625"]
[BlackElo "2420"]
[PlyCount "91"]
[EventDate "1979.??.??"]
[Source "www.chesslib.no"]
[SourceDate "2004.05.04"]

1. e4 e5 2. Nf3 Nc6 3. Bb5 a6 4. Ba4 Nf6 5. O-O Be7 6. d4 exd4 7. Re1 O-O 8. e5 Ne8 9. Bf4 b5 10. Bb3 d5 11. c3 Bg4 12. h3 Bh5 13. g4 Bg6 14. cxd4 Na5 15. Bc2 Bxc2 16. Qxc2 c6 17. Nc3 Nc7 18. Rad1 Ne6 19. Bg3 Nc4 20. b3 Nb6 21. Ne2 Rc8 22. Nf4 Qd7 23. Nd3 Qa7 24. Kg2 Na8 25. Qb2 b4 26. Rc1 Qb6 27. Bh4 Bxh4 28. Nxh4 g6 29. Nc5 Nxc5 30. dxc5 Qd8 31. Kg3 Nc7 32. Qd2 f5 33. gxf5 gxf5 34. Qh6 Qe7 35. Kh2 Qe6 36. Rg1+ Kf7 37. Rg7+ Ke8 38. Qh5+ Kd8 39. Qg5+ Ke8 40. Qh5+ Kd8 41. Qg5+ Ke8 42. f4 Nb5 43. Rxh7 Rc7 44. Rh6 Qe7 45. Qxe7+ Rxe7 46. Rxc6 1-0

[Event "URS Ch otbor"]
[Site "Pavlodar"]
[Date "1987.??.??"]
[Round "?"]
[White "Makarichev, Sergey Y"]
[Black "Vladimirov, Evgeny Y"]
[Result "0-1"]
[WhiteElo "2515"]
[BlackElo "2525"]
[PlyCount "68"]
[EventDate "1987.??.??"]
[Source "www.chesslib.no"]
[SourceDate "2004.05.04"]

1. e4 e5 2. Nf3 Nc6 3. Bb5 a6 4. Ba4 Nf6 5. O-O Be7 6. d4 exd4 7. e5 Ne4 8. Nxd4 O-O 9. Nxc6 dxc6 10. Be3 Nc5 11. Nc3 Nxa4 12. Nxa4 Bf5 13. Qc1 Qd5 14. Re1 Rfe8 15. Bf4 Qc4 16. b3 Qxc2 17. Qxc2 Bxc2 18. e6 Rac8 19. Rac1 Bb4 20. exf7+ Kxf7 21. Rxe8 Rxe8 22. h3 Re2 23. Bxc7 b5 24. Nb6 Ba3 25. Rf1 Bf5 26. g4 Be6 27. Rd1 Rxa2 28. Nd7 Bd5 29. Re1 Bb4 30. Re5 Ra1+ 31. Kh2 Rh1+ 32. Kg3 Rg1+ 33. Kh4 Be7+ 34. Kh5 Ke8 0-1

[Event "Lloyds Bank Open"]
[Site "London ENG"]
[Date "1988.??.??"]
[Round "?"]
[White "Rogers, Ian"]
[Black "Hebden, Mark L"]
[Result "1-0"]
[WhiteElo "2540"]
[BlackElo "2460"]
[PlyCount "89"]
[EventDate "1988.08.??"]
[Source "www.chesslib.no"]
[SourceDate "2004.05.04"]

1. e4 e5 2. Nf3 Nc6 3. Bb5 a6 4. Ba4 Nf6 5. O-O Be7 6. d4 exd4 7. Re1 b5 8. e5 Nxe5 9. Rxe5 d6 10. Rg5 bxa4 11. Rxg7 Nh5 12. Rg5 Bxg5 13. Bxg5 f6 14. Qxd4 Kf7 15. Nbd2 Re8 16. Qh4 Ng7 17. Ne4 Rxe4 18. Qxe4 Bf5 19. Qd5+ Be6 20. Qd2 Rb8 21. Bh4 Rxb2 22. Ne5+ Kg8 23. Nc6 Qf8 24. Re1 Rb5 25. h3 Rc5 26. Nd4 Bxa2 27. Ra1 Qf7 28. Qf4 Bd5 29. Rxa4 Qg6 30. f3 f5 31. Rxa6 Rc4 32. Qd2 f4 33. c3 Ne6 34. Nxe6 Qxe6 35. Ra5 c5 36. Ra6 Qe5 37. Be1 Kg7 38. Kh2 h5 39. Kh1 Qe6 40. Kh2 Qe5 41. Qd1 Kf6 42. Bh4+ Kg7 43. Ra7+ Bf7 44. Re7 Qf5 45. Qxd6 1-0

[Event "URS-chI"]
[Site "Minsk"]
[Date "1985.??.??"]
[Round "1"]
[White "Kupreichik, Viktor D"]
[Black "Balashov, Yuri S"]
[Result "1/2-1/2"]
[WhiteElo "2490"]
[BlackElo "2510"]
[PlyCount "34"]
[EventDate "1985.10.??"]
[Source "ChessBase"]

1. e4 e5 2. Nf3 Nc6 3. Bb5 a6 4. Ba4 Nf6 5. O-O Be7 6. d4 exd4 7. Re1 b5 8. e5 Nxe5 9. Rxe5 d6 10. Re1 bxa4 11. Nxd4 Bd7 12. Qf3 O-O 13. Nc6 Bxc6 14. Qxc6 Re8 15. Qxa4 Bf8 16. Bd2 Rxe1+ 17. Bxe1 Qe8 1/2-1/2

[Event "Tirnavia"]
[Site "Trnava"]
[Date "1989.??.??"]
[Round "?"]
[White "Mokry, Karel"]
[Black "Marjanovic, Slavoljub"]
[Result "1/2-1/2"]
[WhiteElo "2500"]
[BlackElo "2490"]
[PlyCount "52"]
[EventDate "1989.03.??"]
[Source "ChessBase"]

1. e4 e5 2. Nf3 Nc6 3. Bb5 a6 4. Ba4 Nf6 5. O-O Be7 6. d4 exd4 7. e5 Ne4 8. Nxd4 Nxd4 9. Qxd4 Nc5 10. Nc3 O-O 11. Bg5 Bxg5 12. Qxc5 Be7 13. Qe3 d5 14. Rad1 c6 15. Bb3 Bg4 16. f3 Bd7 17. Kh1 Qc7 18. Ne2 b5 19. c3 Rae8 20. Bc2 Bd8 21. f4 f6 22. Qd3 g6 23. Qg3 Kg7 24. exf6+ Bxf6 25. Nd4 Bxd4 26. cxd4 Bf5 1/2-1/2

[Event "YUG-chT"]
[Site "?"]
[Date "1996.??.??"]
[Round "?"]
[White "Radulski Julian"]
[Black "Notkin Maksim"]
[Result "1/2-1/2"]
[WhiteElo "2470"]
[BlackElo "2515"]
[PlyCount "129"]
[EventDate "1996.??.??"]
[Source "www.chesslib.no"]
[SourceDate "2004.05.04"]

1. e4 e5 2. Nf3 Nc6 3. Bb5 a6 4. Ba4 Nf6 5. O-O Be7 6. d4 exd4 7. Re1 b5 8. e5 Nxe5 9. Rxe5 d6 10. Re1 bxa4 11. Nxd4 Bd7 12. Qf3 O-O 13. Nc6 Bxc6 14. Qxc6 Nd7 15. Nc3 a3 16. Nd5 Ne5 17. Qc3 Bh4 18. Re4 c6 19. Nf4 Bf6 20. Nh5 axb2 21. Bxb2 Rb8 22. Kh1 Nd7 23. Nxf6+ Qxf6 24. Qxf6 Nxf6 25. Bxf6 gxf6 26. Rg4+ Kh8 27. g3 Rfe8 28. Rc4 Rb6 29. Kg2 Re5 30. Rd1 c5 31. Rd3 Kg7 32. Ra3 Re6 33. Ra5 Rc6 34. Kf3 f5 35. Rf4 Kg6 36. c4 Re5 37. Ra4 Rb6 38. Ra3 h5 39. Ra5 f6 40. Ra3 Re1 41. Ra5 Rd1 42. Ra3 Rd2 43. Ke3 Rbb2 44. Rxa6 Re2+ 45. Kd3 Rxf2 46. Rxf2 Rxf2 47. Rxd6 Rxh2 48. Ke3 Rc2 49. a4 Rxc4 50. a5 Ra4 51. a6 Kg5 52. Kf3 Ra3+ 53. Kf2 Ra2+ 54. Kf3 Ra3+ 55. Kf2 h4 56. gxh4+ Kg4 57. Rxf6 c4 58. h5 c3 59. h6 c2 60. Rc6 Ra2 61. Ke1 Rxa6 62. Rxc2 Rxh6 63. Rg2+ Kf3 64. Rf2+ Ke4 65. Re2+ 1/2-1/2

[Event "BL2-W 9293"]
[Site "GER"]
[Date "1993.??.??"]
[Round "?"]
[White "Kuijf, Marinus N"]
[Black "Balashov, Yuri S"]
[Result "0-1"]
[WhiteElo "2440"]
[BlackElo "2545"]
[PlyCount "76"]
[EventDate "1992.10.??"]
[Source "www.chesslib.no"]
[SourceDate "2004.05.04"]

1. e4 e5 2. Nf3 Nc6 3. Bb5 a6 4. Ba4 Nf6 5. O-O Be7 6. d4 exd4 7. e5 Ne4 8. Nxd4 O-O 9. Nf5 d5 10. Nxe7+ Nxe7 11. c3 Nc5 12. Bc2 Bf5 13. Be3 Ne6 14. Bb3 c5 15. g4 Bxb1 16. Rxb1 d4 17. Bd2 Qb6 18. Qe2 Rad8 19. Kg2 Qc6+ 20. Kg3 b5 21. f3 c4 22. Bd1 f5 23. h3 Ng6 24. cxd4 Nxd4 25. Qe1 f4+ 26. Kg2 Rfe8 27. Qf2 Nxe5 28. Bxf4 Nd3 29. Qg3 Ne2 30. Bxe2 Rxe2+ 31. Kh1 Rf8 32. Bd6 Rf6 33. Bb8 Qb6 34. Rbd1 h6 35. Bc7 Qe3 36. Bd8 Rf8 37. Bh4 g5 38. Qd6 gxh4 0-1

[Event "Sevilla Expo92"]
[Site "Seville ESP"]
[Date "1992.??.??"]
[Round "9"]
[White "Zapata, Alonso"]
[Black "Fernandez Garcia, Jose L"]
[Result "1/2-1/2"]
[WhiteElo "2515"]
[BlackElo "2465"]
[PlyCount "28"]
[EventDate "1992.11.??"]
[Source "www.chesslib.no"]
[SourceDate "2004.05.04"]

1. e4 e5 2. Nf3 Nc6 3. Bb5 a6 4. Ba4 Nf6 5. O-O Be7 6. d4 exd4 7. Re1 b5 8. e5 Nxe5 9. Rxe5 d6 10. Re1 bxa4 11. Nxd4 Bd7 12. Qf3 O-O 13. Nc6 Bxc6 14. Qxc6 d5 1/2-1/2

[Event "Bayamo"]
[Site "Bayamo"]
[Date "1990.??.??"]
[Round "6"]
[White "Martin del Campo, Roberto"]
[Black "Borges Mateos, Juan"]
[Result "1/2-1/2"]
[WhiteElo "2465"]
[BlackElo "2500"]
[PlyCount "35"]
[EventDate "1990.04.??"]
[Source "ChessBase"]

1. e4 e5 2. Nf3 Nc6 3. Bb5 a6 4. Ba4 Nf6 5. O-O Be7 6. d4 exd4 7. e5 Ne4 8. Nxd4 Nxd4 9. Qxd4 Nc5 10. Nc3 O-O 11. Nd5 d6 12. Nxe7+ Qxe7 13. exd6 Qxd6 14. Qxd6 cxd6 15. Bb3 Nxb3 16. axb3 Be6 17. b4 Rac8 18. c3 1/2-1/2

[Event "URS-FL"]
[Site "Tallinn"]
[Date "1983.??.??"]
[Round "?"]
[White "Petrushin, Alexander I"]
[Black "Dorfman, Josif D"]
[Result "0-1"]
[WhiteElo "2415"]
[BlackElo "2545"]
[PlyCount "80"]
[EventDate "1983.12.??"]
[Source "ChessBase"]

1. e4 e5 2. Nf3 Nc6 3. Bb5 a6 4. Ba4 Nf6 5. O-O Be7 6. d4 exd4 7. Re1 b5 8. e5 Nxe5 9. Rxe5 d6 10. Re1 bxa4 11. Bg5 O-O 12. Qe2 h6 13. Bh4 g5 14. Nxd4 Bd7 15. Bg3 Re8 16. Nc3 Bf8 17. Qd3 Bg7 18. a3 Rb8 19. Rxe8+ Qxe8 20. f4 Rxb2 21. Re1 Qd8 22. fxg5 hxg5 23. Qd2 Rb8 24. Qxg5 Ng4 25. Qd2 Qf6 26. Re4 Bh6 27. Qd1 Ne3 28. Qd3 c5 29. Nf3 Bf5 30. Qxd6 Qxd6 31. Bxd6 Bxe4 32. Bxb8 Bxc2 33. Bd6 c4 34. Kf2 Nd1+ 35. Nxd1 Bxd1 36. Bb4 a5 37. Bxa5 Bf8 38. Ne5 Bb3 39. Bc3 Bxa3 40. h4 Bc1 0-1

[Event "Lloyds Bank Open"]
[Site "London ENG"]
[Date "1988.??.??"]
[Round "?"]
[White "Rogers, Ian"]
[Black "Howell, James C"]
[Result "0-1"]
[WhiteElo "2540"]
[BlackElo "2420"]
[PlyCount "80"]
[EventDate "1988.08.??"]
[Source "www.chesslib.no"]
[SourceDate "2004.05.04"]

1. e4 e5 2. Nf3 Nc6 3. Bb5 a6 4. Ba4 Nf6 5. O-O Be7 6. d4 exd4 7. Re1 b5 8. e5 Nxe5 9. Rxe5 d6 10. Rg5 bxa4 11. Rxg7 Nh5 12. Rg5 Bxg5 13. Bxg5 Qd7 14. Qxd4 O-O 15. h3 Bb7 16. Nbd2 f6 17. Bh4 Rae8 18. Rd1 Rf7 19. Re1 Rxe1+ 20. Nxe1 Ng7 21. Nd3 Nf5 22. Qf4 Nxh4 23. Qxh4 Qc6 24. Nf4 Rg7 25. Qxf6 Rxg2+ 26. Kf1 Rg1+ 27. Ke2 Qb5+ 28. c4 Qe5+ 29. Qxe5 dxe5 30. Ne6 Rh1 31. Nxc7 Kf7 32. b4 Ke7 33. b5 axb5 34. Nxb5 Rxh3 35. f3 h5 36. Ke3 h4 37. c5 Bc6 38. Na7 Kd7 39. Nc4 Rxf3+ 40. Ke2 Rf5 0-1

[Event "Lloyds Bank"]
[Site "Lloyds Bank"]
[Date "1988.??.??"]
[Round "?"]
[White "Rogers, Ian"]
[Black "Howell, James C"]
[Result "0-1"]
[WhiteElo "2535"]
[BlackElo "2420"]
[PlyCount "79"]
[EventDate "1988.??.??"]
[Source "www.chesslib.no"]
[SourceDate "2004.05.04"]

1. e4 e5 2. Nf3 Nc6 3. Bb5 a6 4. Ba4 Nf6 5. O-O Be7 6. d4 exd4 7. Re1 b5 8. e5 Nxe5 9. Rxe5 d6 10. Rg5 bxa4 11. Rxg7 Nh5 12. Rg5 Bxg5 13. Bxg5 Qd7 14. Qxd4 O-O 15. h3 Bb7 16. Nbd2 f6 17. Bh4 Rae8 18. Rd1 Rf7 19. Re1 Rxe1+ 20. Nxe1 Ng7 21. Nd3 Nf5 22. Qf4 Nxh4 23. Qxh4 Qc6 24. Nf4 Rg7 25. Qxf6 Rxg2+ 26. Kf1 Rg1+ 27. Ke2 Qb5+ 28. c4 Qe5+ 29. Qxe5 dxe5 30. Ne6 Rh1 31. Nxc7 Kf7 32. b4 Ke7 33. b5 axb5 34. Nxb5 Rxh3 35. f3 h6 36. Ke3 h5 37. c5 Bd5 38. Na7 e4 39. Nf1 Kf7 40. Ng3 0-1

[Event "Rostov Open"]
[Site "Rostov RUS"]
[Date "1993.??.??"]
[Round "?"]
[White "Petrushin, Alexander I"]
[Black "Tseshkovsky, Vitaly V"]
[Result "1/2-1/2"]
[WhiteElo "2400"]
[BlackElo "2540"]
[PlyCount "73"]
[EventDate "1993.05.??"]
[Source "www.chesslib.no"]
[SourceDate "2004.05.04"]

1. e4 e5 2. Nf3 Nc6 3. Bb5 a6 4. Ba4 Nf6 5. O-O Be7 6. d4 exd4 7. Re1 b5 8. e5 Nxe5 9. Nxe5 bxa4 10. Qxd4 O-O 11. Qxa4 Rb8 12. Nc3 Rb4 13. Qa5 Bb7 14. f3 Rb6 15. Nd3 Re6 16. Bf4 d6 17. Bg3 Re8 18. Nf4 Rxe1+ 19. Rxe1 h6 20. Kf1 Qd7 21. Bf2 c5 22. Qa4 Bc6 23. Qxa6 g5 24. Nd3 Ra8 25. Qc4 Bf8 26. Qb3 g4 27. Ne4 Nxe4 28. fxe4 Ra4 29. c4 Qe6 30. Qd1 Rxc4 31. Nf4 Qd7 32. Nd5 Bxd5 33. Qxd5 Qe6 34. b3 Rc2 35. Re2 Rc1+ 36. Re1 Rc2 37. Re2 1/2-1/2

[Event "ARG-ch Najdorf mem"]
[Site "Buenos Aires"]
[Date "1999.11.29"]
[Round "9"]
[White "Giaccio, Alfredo Gustavo"]
[Black "Rubinetti, Jorge Alberto"]
[Result "1-0"]
[WhiteElo "2505"]
[BlackElo "2432"]
[PlyCount "87"]
[EventDate "1999.11.19"]
[Source "ChessBase"]
[SourceDate "2000.02.01"]

1. e4 e5 2. Nf3 Nc6 3. Bb5 a6 4. Ba4 Nf6 5. O-O Be7 6. d4 exd4 7. Re1 b5 8. Bb3 d6 9. Bd5 Bd7 10. Nxd4 Nxd5 11. Nxc6 Bxc6 12. exd5 Bb7 13. a4 O-O 14. axb5 axb5 15. Rxa8 Bxa8 16. Qe2 Bf6 17. Qxb5 Qc8 18. Nd2 c6 19. dxc6 Bxc6 20. Qd3 Qb7 21. Nc4 Qa6 22. Ne5 Bb5 23. c4 dxe5 24. cxb5 Qb7 25. Be3 Rd8 26. Qb3 h6 27. b6 Bg5 28. Bc5 Be7 29. Bxe7 Qxe7 30. Rc1 Rd7 31. Rc8+ Kh7 32. Qc2+ e4 33. h3 Qb4 34. Rc7 Rd2 35. Qc6 Rd6 36. Qe8 Qxb6 37. Qxe4+ Rg6 38. Rxf7 Qxb2 39. h4 h5 40. Rf5 Qc1+ 41. Kh2 Qd1 42. Rg5 Qd6+ 43. g3 Kh6 44. Qf5 1-0

[Event "Beersheba"]
[Site "Beersheba"]
[Date "1976.??.??"]
[Round "6"]
[White "Tatai, Stefano"]
[Black "Kraidman, Yair"]
[Result "1/2-1/2"]
[WhiteElo "2465"]
[BlackElo "2465"]
[PlyCount "37"]
[EventDate "1976.03.??"]
[Source "ChessBase"]

1. e4 e5 2. Nf3 Nc6 3. Bb5 a6 4. Ba4 Nf6 5. O-O Be7 6. d4 b5 7. dxe5 Nxe4 8. Bb3 Nc5 9. Bf4 O-O 10. Nc3 Bb7 11. Nd5 Ne6 12. Bg3 Na5 13. Qd2 Nxb3 14. axb3 Bxd5 15. Qxd5 d6 16. Rfd1 dxe5 17. Nxe5 Qxd5 18. Rxd5 Bf6 19. c3 1/2-1/2

[Event "URS-ch sf"]
[Site "Aktjubinsk"]
[Date "1985.??.??"]
[Round "?"]
[White "Panchenko, Alexander N"]
[Black "Tseshkovsky, Vitaly"]
[Result "1/2-1/2"]
[WhiteElo "2435"]
[BlackElo "2470"]
[PlyCount "35"]
[EventDate "1985.07.??"]
[Source "ChessBase"]

1. e4 e5 2. Nf3 Nc6 3. Bb5 a6 4. Ba4 Nf6 5. O-O Be7 6. d4 exd4 7. e5 Ne4 8. Nxd4 Nxd4 9. Qxd4 Nc5 10. Nc3 O-O 11. Nd5 d6 12. Nxe7+ Qxe7 13. exd6 Qxd6 14. Qxd6 cxd6 15. Bb3 Nxb3 16. axb3 d5 17. Be3 Be6 18. c3 1/2-1/2

[Event "Kladovo"]
[Site "?"]
[Date "1980.04.22"]
[Round "13"]
[White "Popovic Petar"]
[Black "Abramovic Bosko"]
[Result "0-1"]
[WhiteElo "2490"]
[BlackElo "2415"]
[PlyCount "84"]
[EventDate "1980.??.??"]
[Source "www.chesslib.no"]
[SourceDate "2004.05.04"]

1. e4 e5 2. Nf3 Nc6 3. Bb5 a6 4. Ba4 Nf6 5. O-O Be7 6. d4 exd4 7. e5 Ne4 8. Nxd4 O-O 9. c3 Nxe5 10. Re1 d5 11. f3 c5 12. fxe4 cxd4 13. cxd4 Nc4 14. Bb3 b5 15. a4 Bb4 16. Nc3 dxe4 17. axb5 Nd6 18. Bd5 Ra7 19. Qb3 a5 20. Bf4 Kh8 21. Kh1 Re7 22. Re3 Bd7 23. Bxd6 Bxd6 24. Nxe4 Bb8 25. Ng5 a4 26. Qc2 g6 27. Qf2 f6 28. Rxe7 Qxe7 29. Nf3 Bxb5 30. Qd2 Kg7 31. Re1 Qd6 32. Be6 Bc7 33. d5 Ra8 34. Rc1 Qf4 35. Qc3 Bd6 36. g3 Qe4 37. Kg1 a3 38. Nd2 Qe2 39. Rf1 Qxf1+ 40. Nxf1 a2 41. Qb3 Ra5 42. Bd7 Bxd7 0-1

[Event "Belgrade"]
[Site "Belgrade"]
[Date "1984.??.??"]
[Round "?"]
[White "Velickovic, Sasa"]
[Black "Abramovic, Bosko"]
[Result "1/2-1/2"]
[WhiteElo "2400"]
[BlackElo "2495"]
[PlyCount "47"]
[EventDate "1984.05.??"]
[Source "ChessBase"]

1. e4 e5 2. Nf3 Nc6 3. Bb5 a6 4. Ba4 Nf6 5. O-O Be7 6. d4 exd4 7. Re1 b5 8. Bb3 d6 9. Bd5 Nxd5 10. exd5 Ne5 11. Nxd4 O-O 12. a4 Bg4 13. Qd2 Bd7 14. Nc3 b4 15. Nce2 a5 16. b3 Qb8 17. Ng3 Re8 18. Bb2 Qb7 19. Ndf5 Bf6 20. Rab1 Rad8 21. Red1 Kh8 22. Ba1 Qc8 23. Ne3 Ng4 24. Bxf6 1/2-1/2

[Event "New York op"]
[Site "New York"]
[Date "1989.??.??"]
[Round "6"]
[White "Brooks, Michael A"]
[Black "Wedberg, Tom"]
[Result "0-1"]
[WhiteElo "2385"]
[BlackElo "2510"]
[PlyCount "80"]
[EventDate "1989.03.??"]
[Source "ChessBase"]

1. e4 e5 2. Nf3 Nc6 3. Bb5 a6 4. Ba4 Nf6 5. O-O Be7 6. d4 exd4 7. Re1 b5 8. Bb3 d6 9. c3 dxc3 10. Nxc3 O-O 11. h3 Ne5 12. Nh2 Bb7 13. f4 Nc4 14. Bc2 d5 15. e5 Bc5+ 16. Kh1 Ne4 17. Nxe4 dxe4 18. Qh5 g6 19. Qe2 f5 20. b3 Nb6 21. Bb2 Qh4 22. Rac1 Nd5 23. b4 Be3 24. Rcd1 Bxf4 25. Bb3 Rad8 26. e6 Qe7 27. g4 Qxe6 28. gxf5 Rxf5 29. Ng4 e3 30. Kg1 h5 31. Nxe3 Rg5+ 32. Ng4 Qf7 33. Rf1 hxg4 34. h4 Rf5 35. Rxf4 Rxf4 36. Qe5 Kh7 37. Bc2 Rf5 38. Qe4 Rf8 39. Bd3 Nc3 40. Qxg4 Nxd1 0-1

[Event "St Petersburg op2"]
[Site "St Petersburg"]
[Date "1994.??.??"]
[Round "7"]
[White "Galkin, Alexander"]
[Black "Yemelin, Vasily"]
[Result "0-1"]
[WhiteElo "2375"]
[BlackElo "2520"]
[PlyCount "82"]
[EventDate "1994.10.??"]
[Source "ChessBase"]

1. e4 e5 2. Nf3 Nc6 3. Bb5 a6 4. Ba4 Nf6 5. O-O Be7 6. d4 exd4 7. Re1 b5 8. e5 Nxe5 9. Nxe5 bxa4 10. Qxd4 O-O 11. Qxa4 Rb8 12. Nc3 Rb4 13. Qa5 Bb7 14. f3 Rh4 15. Nd3 Bd6 16. Bg5 Rh5 17. Bxf6 Rxa5 18. Bxd8 Rxd8 19. Re2 Rh5 20. f4 f6 21. Rae1 Kf7 22. a4 Rb8 23. b3 Bf8 24. h3 d6 25. Re3 Bc6 26. Kf2 f5 27. g4 fxg4 28. hxg4 Rh2+ 29. Kg3 Rg2+ 30. Kh3 Rxc2 31. Ne2 Bd5 32. Nd4 Rd2 33. b4 Re8 34. Rxe8 Rxd3+ 35. R1e3 Rxd4 36. Rc8 Rc4 37. b5 axb5 38. axb5 Be7 39. f5 Bg5 40. Rd3 Bb7 41. Rb8 Be4 0-1

[Event "Vladimir (Russia)"]
[Site "?"]
[Date "2002.??.??"]
[Round "?"]
[White "Shinkevich Vitaly"]
[Black "Varavin Viktor"]
[Result "1/2-1/2"]
[WhiteElo "2458"]
[BlackElo "2433"]
[PlyCount "47"]
[EventDate "2002.??.??"]
[Source "www.chesslib.no"]
[SourceDate "2004.05.04"]

1. e4 e5 2. Nf3 Nc6 3. Bb5 a6 4. Ba4 Nf6 5. O-O Be7 6. d4 exd4 7. Re1 b5 8. Bb3 d6 9. a4 Bg4 10. axb5 axb5 11. Rxa8 Qxa8 12. Na3 Qb7 13. h3 Bxf3 14. Qxf3 Ne5 15. Qe2 b4 16. Qb5+ Qxb5 17. Nxb5 c5 18. f4 Ng6 19. e5 dxe5 20. fxe5 Nh5 21. e6 f5 22. g4 fxg4 23. hxg4 Nf6 24. g5 1/2-1/2

[Event "Lone Pine op"]
[Site "Lone Pine"]
[Date "1978.??.??"]
[Round "5"]
[White "Tarjan, James Edward"]
[Black "Taylor, Timothy"]
[Result "1-0"]
[WhiteElo "2510"]
[BlackElo "2380"]
[PlyCount "67"]
[EventDate "1978.04.??"]
[Source "ChessBase"]

1. e4 e5 2. Nf3 Nc6 3. Bb5 a6 4. Ba4 Nf6 5. O-O Be7 6. d4 exd4 7. Re1 O-O 8. e5 Ne8 9. Bf4 b5 10. Bb3 d5 11. c3 Na5 12. cxd4 Nxb3 13. Qxb3 c6 14. Qe3 h6 15. Nbd2 Nc7 16. Bg3 Ne6 17. Rac1 Bd7 18. Rc2 c5 19. dxc5 d4 20. Qa3 Bc6 21. Qd3 Qd5 22. Ne4 Qxa2 23. Bh4 Bxe4 24. Qxe4 Nxc5 25. Qg4 Bxh4 26. Rxc5 Bd8 27. Nxd4 Qa4 28. Rc6 Bb6 29. Rxb6 Qa5 30. Rd1 Qxb6 31. Nf5 g6 32. Nxh6+ Kh7 33. Qh3 Qe6 34. Ng4+ 1-0

[Event "Moscow RUS"]
[Site "?"]
[Date "1999.??.??"]
[Round "7"]
[White "Zaitsev Vadim"]
[Black "Notkin Maksim"]
[Result "0-1"]
[WhiteElo "2412"]
[BlackElo "2478"]
[PlyCount "106"]
[EventDate "1999.??.??"]
[Source "www.chesslib.no"]
[SourceDate "2004.05.04"]

1. e4 e5 2. Nf3 Nc6 3. Bb5 a6 4. Ba4 Nf6 5. O-O Be7 6. d4 exd4 7. e5 Ne4 8. Nxd4 Nxd4 9. Qxd4 Nc5 10. Nc3 O-O 11. Nd5 d6 12. Nxe7+ Qxe7 13. exd6 Qxd6 14. Qxd6 cxd6 15. Bb3 Nxb3 16. axb3 Bf5 17. c3 Rfe8 18. Be3 Re6 19. Ra5 Be4 20. Rg5 Rae8 21. b4 f6 22. Rg3 Bc6 23. Rd1 Kf7 24. h3 g5 25. Kh2 h6 26. h4 Rg8 27. hxg5 hxg5 28. Rh3 f5 29. Bb6 g4 30. Rh7+ Kg6 31. Rh4 Kg5 32. Rh7 Kg6 33. Rh4 Kg5 34. Rh7 f4 35. g3 Bf3 36. Rg1 Rh6+ 37. Rxh6 Kxh6 38. Bd4 Kg5 39. gxf4+ Kxf4 40. Rg3 Rg6 41. Kg1 Rh6 42. Kf1 Ke4 43. Rg1 Rh5 44. Ke1 Kd3 45. Kf1 a5 46. Bg7 axb4 47. cxb4 Ke4 48. Rg2 Bxg2+ 49. Kxg2 Kf4 50. Bf8 d5 51. Bd6+ Ke4 52. Kg3 Rf5 53. Bc5 d4 0-1

[Event "St Petersburg Open"]
[Site "St Petersburg RUS"]
[Date "1993.??.??"]
[Round "?"]
[White "Petrushin, Alexander I"]
[Black "Novik, Maxim"]
[Result "1-0"]
[WhiteElo "2410"]
[BlackElo "2475"]
[PlyCount "53"]
[EventDate "1993.10.??"]
[Source "www.chesslib.no"]
[SourceDate "2004.05.04"]

1. e4 e5 2. Nf3 Nc6 3. Bb5 a6 4. Ba4 Nf6 5. O-O Be7 6. d4 exd4 7. Re1 b5 8. Bb3 d6 9. Bd5 Nxd5 10. exd5 Ne5 11. Nxd4 Bb7 12. Nf5 Ng6 13. Nxg7+ Kf8 14. Bh6 Kg8 15. Nh5 Bf8 16. Re8 Qh4 17. g3 Rxe8 18. gxh4 Bxh6 19. Nf6+ Kg7 20. Nxe8+ Rxe8 21. Nc3 Re5 22. Qd4 Kg8 23. Qa7 Bc8 24. Qb8 Re8 25. Ne4 Bg7 26. Qxc7 Bh3 27. Ng5 1-0

[Event "AUT-chT2W 9596"]
[Site "Austria"]
[Date "1996.??.??"]
[Round "?"]
[White "Hertneck, Gerald"]
[Black "Bachmayr, Peter"]
[Result "1/2-1/2"]
[WhiteElo "2575"]
[BlackElo "2305"]
[PlyCount "52"]
[EventDate "1995.??.??"]
[Source "www.chesslib.no"]
[SourceDate "2004.05.04"]

1. e4 e5 2. Nf3 Nc6 3. Bb5 a6 4. Ba4 Nf6 5. O-O Be7 6. d4 exd4 7. e5 Ne4 8. Nxd4 O-O 9. Nf5 d5 10. Nxe7+ Nxe7 11. Bb3 c6 12. c4 Nc5 13. Be3 Nxb3 14. axb3 Be6 15. Na3 Re8 16. f4 Bf5 17. g4 Be4 18. f5 c5 19. Bg5 dxc4 20. Qxd8 Raxd8 21. Nxc4 Bd3 22. Nd6 Bxf1 23. Rxf1 h6 24. Bh4 b6 25. Nxe8 Rxe8 26. Bxe7 Rxe7 1/2-1/2

[Event "Havana"]
[Site "Havana"]
[Date "1983.??.??"]
[Round "10"]
[White "Zapata, Alonso"]
[Black "Garcia Palermo, Carlos"]
[Result "1/2-1/2"]
[WhiteElo "2425"]
[BlackElo "2455"]
[PlyCount "104"]
[EventDate "1983.??.??"]
[Source "ChessBase"]

1. e4 e5 2. Nf3 Nc6 3. Bb5 a6 4. Ba4 Nf6 5. O-O Be7 6. d4 exd4 7. Re1 b5 8. Bb3 d6 9. Bd5 Bb7 10. Nxd4 Qd7 11. Nc3 Nxd5 12. Nxd5 Nxd4 13. Qxd4 O-O 14. a4 Bxd5 15. Qxd5 c6 16. Qd3 Qe6 17. Bf4 Rfd8 18. c3 Qc4 19. Qxc4 bxc4 20. Rad1 Ra7 21. Re2 f6 22. Kf1 Kf7 23. Ke1 Rb7 24. Rdd2 h5 25. Kd1 g6 26. Kc2 f5 27. exf5 gxf5 28. Re1 d5 29. Rde2 Bf6 30. Re6 Re7 31. Rxf6+ Kxf6 32. Bg5+ Kxg5 33. Rxe7 Kf4 34. g3+ Kf3 35. Rf7 Kg4 36. Rg7+ Kf3 37. Rf7 Kg4 38. h3+ Kxh3 39. Rxf5 Kg4 40. Rf4+ Kg5 41. b4 Re8 42. Kd2 a5 43. b5 cxb5 44. Rd4 bxa4 45. Rxd5+ Kg4 46. Rd4+ Kf3 47. Rxc4 Kxf2 48. Rh4 Kxg3 49. Rxh5 Kf4 50. Rxa5 Ke4 51. Kc2 Rb8 52. Rxa4+ Kd5 1/2-1/2

[Event "Miskolc"]
[Site "Miskolc"]
[Date "1990.??.??"]
[Round "7"]
[White "Ermenkov, Evgenij P"]
[Black "Dutreeuw, Marc"]
[Result "1-0"]
[WhiteElo "2465"]
[BlackElo "2405"]
[PlyCount "57"]
[EventDate "1990.12.??"]
[Source "www.chesslib.no"]
[SourceDate "2004.05.04"]

1. e4 e5 2. Nf3 Nc6 3. Bb5 a6 4. Ba4 Nf6 5. O-O Be7 6. d4 exd4 7. Re1 O-O 8. e5 Ne8 9. c3 dxc3 10. Nxc3 d6 11. exd6 Nxd6 12. Nd5 b5 13. Nd4 Nxd4 14. Nxe7+ Kh8 15. Qxd4 bxa4 16. Nxc8 Qxc8 17. Qxa4 Re8 18. Bf4 Nb5 19. h3 c5 20. Rxe8+ Qxe8 21. Rc1 Rd8 22. Be3 Qe5 23. Qxa6 Nd4 24. Qc4 f6 25. b4 g5 26. bxc5 Nf5 27. Qe2 Nd4 28. Qa6 Nf5 29. c6 1-0

[Event "HUN Ch"]
[Site "HUN"]
[Date "1989.??.??"]
[Round "?"]
[White "Szalanczy, Emil"]
[Black "Lukacs, Peter"]
[Result "1/2-1/2"]
[WhiteElo "2400"]
[BlackElo "2465"]
[PlyCount "64"]
[EventDate "1989.05.??"]
[Source "www.chesslib.no"]
[SourceDate "2004.05.04"]

1. e4 e5 2. Nf3 Nc6 3. Bb5 a6 4. Ba4 Nf6 5. O-O Be7 6. d4 exd4 7. e5 Ne4 8. b4 Nc3 9. Nxc3 dxc3 10. a3 O-O 11. Bf4 d6 12. exd6 cxd6 13. Qd3 Be6 14. Bxc6 bxc6 15. Rad1 c5 16. bxc5 dxc5 17. Qxc3 Qb6 18. Be5 f6 19. Bf4 Rad8 20. h3 Rxd1 21. Rxd1 Rd8 22. Re1 Kf7 23. Qe3 Qc6 24. Bc7 Rd7 25. Qf4 Kg8 26. Ba5 Qd5 27. Bc3 Qc4 28. Qe3 Bf5 29. Nd2 Qd5 30. Ne4 Kf7 31. f3 Rb7 32. Kf2 Rd7 1/2-1/2